Départements français par numéro - Statistiques

Statistiques générales
  • Ce quiz a été pris 151 fois
  • Le résultat moyen est 48 sur 96
Statistiques - réponses
Hint Réponse % Correct
01 Ain
99%
02 Aisne
87%
03 Allier
84%
2A Corse du Sud
78%
13 Bouches du Rhône
77%
2B Haute Corse
76%
10 Aube
73%
06 Alpes Maritimes
72%
11 Aude
72%
07 Ardêche
70%
04 Alpes de haute Provence
67%
05 Hautes Alpes
67%
75 Paris
66%
15 Cantal
65%
08 Ardennes
62%
09 Ariège
62%
14 Calvados
61%
16 Charente
61%
17 Charente Maritime
61%
21 Côte d'Or
61%
12 Aveyron
59%
69 Rhône
59%
30 Gard
58%
38 Isère
58%
18 Cher
57%
24 Dordogne
56%
29 Finistère
56%
33 Gironde
56%
19 Corrèze
54%
23 Creuse
54%
43 Haute Loire
54%
42 Loire
54%
44 Loire Atlantique
54%
59 Nord
54%
25 Doubs
53%
26 Drôme
53%
34 Herault
53%
22 Côtes d'Armor
52%
74 Haute Savoie
52%
45 Loiret
52%
31 Haute Garonne
51%
35 Îlle et Vilaine
51%
37 Indre et Loire
51%
73 Savoie
51%
36 Indre
49%
93 Seine Saint Denis
49%
32 Gers
48%
40 Landes
48%
57 Moselle
47%
27 Eure
46%
28 Eure et Loir
46%
39 Jura
46%
41 Loir et Cher
44%
50 Manche
44%
54 Meurthe et Moselle
44%
62 Pas de Calais
43%
92 Hauts de Seine
42%
55 Meuse
42%
58 Nièvre
42%
77 Seine et Marne
42%
94 Val de Marne
42%
78 Yvelines
42%
91 Essonne
41%
46 Lot
41%
47 Lot et Garonne
41%
49 Maine et Loire
41%
51 Marne
41%
60 Oise
41%
63 Puy de Dôme
41%
64 Pyrénées Atlantiques
41%
67 Bas Rhin
39%
52 Haute Marne
39%
84 Vaucluse
39%
68 Haut Rhin
38%
56 Morbihan
38%
95 Val d'Oise
38%
48 Lozère
37%
66 Pyrénées Orientales
37%
72 Sarthe
37%
83 Var
37%
70 Haute Saône
35%
65 Hautes Pyrénées
35%
71 Saône et Loire
35%
76 Seine Maritime
35%
53 Mayenne
34%
61 Orne
34%
85 Vendée
33%
80 Somme
32%
81 Tarn
32%
82 Tarn et Garonne
32%
90 Territoire de Belfort
32%
86 Vienne
32%
87 Haute Vienne
30%
89 Yonne
30%
88 Vosges
29%
79 Deux Sèvres
28%
Aucun quiz correspondant
Distribution des résultats
% des personnes avec chaque résultat
Percentile par nombre de réponses
Votre historique - résultats
Vous n’avez pas pris ce quiz